000 00777nam a2200241Ia 4500
003 OSt
005 20220923215307.0
006 a|||||r|||| 00| 0
007 ta
008 220922b |||||||| |||| 00| 0 hin d
024 _a177,480
037 _cTextual
040 _aARTS
_cARTS
_bhin
041 _2hin
_ahin
082 _aO152,1L41x, K3
100 _aरेणु
245 0 _aमन प्रबोध, संपा सूतदेव हंस
246 _ahin prabodha, sanpā0 sūtadev hansa
260 _aपंजाब
_b हिन्दी साहित्य सम्मेमल मालेरकोटला
_c1963
300 _a61 पृ.
_ccm.
942 _hO152,1L41x, K3
_cTEXL
_2CC
999 _c330868
_d330868